• 首页
  • 本馆介绍
  • 公告通知
  • 最新文献
  • 馆藏检索
  • 电子资源
  • 读者导购
  • 参考咨询
  • 我的图书馆
  • 登录
  • 详细信息显示
  • 放入我的书架
  • 预约/预借图书
  • 作者相关作品
  • 分类相关作品
  • 丛书相关作品
  • 出版社相关作品

书目信息

  • 表格格式
  • 工作单格式
  • 卡片格式
题名:
超快等离激元动力学演化的表征与控制
    
 
作者: 宋晓伟 著
分册:  
出版信息: 北京   国防工业出版社  2020.10
页数: 129页
开本: 22cm
丛书名:
单 册:
中图分类: O53
科图分类:
主题词: 等离子体物理学--研究
电子资源:
ISBN: 978-7-118-12183-4
000 01140nam0 2200241 45
001 012001002077
005 20140913101934.0
010    @a978-7-118-12183-4@b精装@dCNY118.00
100    @a20201211d2020 em y0chiy50 ea
101 0  @achi
102    @aCN@b110000
105    @aa z 000yy
106    @ar
200 1  @a超快等离激元动力学演化的表征与控制@Achao kuai deng li ji yuan dong li xue yan hua de biao zheng yu kong zhi@b专著@f宋晓伟[等]著
210    @a北京@c国防工业出版社@d2020.10
215    @a129页@c图@d22cm
304    @a著者还有:季博宇、秦将、林景全
330    @a本书首先介绍了表面等离激元研究的背景和意义,综述了超快等离激元动力学演化的研究进展;然后描述了表面等离激元的产生及基本特性,并给出了超快等离激元动力学演化过程的理论解释,同时对纳米结构等离激元的控制做了理论分析;最后借助ITR-MPPEEM技术对纳米蝶形结构和石门结构中的超快等离激元动力学演化过程进行了近场成像表征。并且,研究了飞秒激光脉冲的偏振角度对蝶形纳米结构产生的等离激元场分布以及动力学演化的影响。
606 0  @a等离子体物理学@x研究
690    @aO53@v5
701  0 @a宋晓伟@Asong xiao wei@4著
801  0 @aCN@bBJSDL@c20211011
905    @b1338350-2@dO53@e13@f3
    
    超快等离激元动力学演化的表征与控制/宋晓伟[等]著.-北京:国防工业出版社,2020.10
    129页:图;22cm
    
    
    ISBN 978-7-118-12183-4(精装):CNY118.00
    本书首先介绍了表面等离激元研究的背景和意义,综述了超快等离激元动力学演化的研究进展;然后描述了表面等离激元的产生及基本特性,并给出了超快等离激元动力学演化过程的理论解释,同时对纳米结构等离激元的控制做了理论分析;最后借助ITR-MPPEEM技术对纳米蝶形结构和石门结构中的超快等离激元动力学演化过程进行了近场成像表征。并且,研究了飞秒激光脉冲的偏振角度对蝶形纳米结构产生的等离激元场分布以及动力学演化的影响。
●
相关链接 在E读中查询图书 在五车中查询图书 在当当中查询图书 在豆瓣中查询图书


正题名:超快等离激元动力学演化的表征与控制     索取号:O53/13         预约/预借

序号 登录号 条形码 馆藏地/架位号 状态 备注
1 1338350   213383505   第二样本阅览室/ [索取号:O53/13] 在馆    
2 1338351   213383514   第三借阅区/ [索取号:O53/13] 在馆    
3 1338352   213383523   第三借阅区/ [索取号:O53/13] 在馆    
唐山师范学院图书馆 欢迎您!
大连网信软件有限公司© 版权所有